Management accounting (Record no. 104650)

MARC details
000 -LEADER
fixed length control field 00489nam a2200205Ia 4500
003 - CONTROL NUMBER IDENTIFIER
control field OSt
005 - DATE AND TIME OF LATEST TRANSACTION
control field 20230704145400.0
008 - FIXED-LENGTH DATA ELEMENTS--GENERAL INFORMATION
fixed length control field 210210b2001 xxu||||| |||| 00| 0 eng d
020 ## - INTERNATIONAL STANDARD BOOK NUMBER
International Standard Book Number 81 7288 249 1
040 ## - CATALOGING SOURCE
Transcribing agency AL
041 ## - LANGUAGE CODE
Language code of text/sound track or separate title English
082 ## - DEWEY DECIMAL CLASSIFICATION NUMBER
Classification number 658.1511 GUPM
100 ## - MAIN ENTRY--PERSONAL NAME
Personal name GUPTA (S P).
9 (RLIN) 125472
245 ## - TITLE STATEMENT
Title Management accounting
260 ## - PUBLICATION, DISTRIBUTION, ETC.
Place of publication, distribution, etc. Agra.
Name of publisher, distributor, etc. Sahitya Bhavan
Date of publication, distribution, etc. 2001
300 ## - PHYSICAL DESCRIPTION
Extent 704
690 ## - LOCAL SUBJECT ADDED ENTRY--TOPICAL TERM (OCLC, RLIN)
Topical term or geographic name as entry element Management Accounting
9 (RLIN) 125473
906 ## - LOCAL DATA ELEMENT F, LDF (RLIN)
a 057234
942 ## - ADDED ENTRY ELEMENTS (KOHA)
Source of classification or shelving scheme Dewey Decimal Classification
Koha item type Book
Holdings
Withdrawn status Lost status Damaged status Not for loan Collection code Home library Current library Shelving location Date acquired Source of acquisition Cost, normal purchase price Total Checkouts Full call number Barcode Date last seen Price effective from Koha item type
          St Aloysius Library St Aloysius Library   02/17/2021 U R Shenoy & Sons, Mangalore. 175.00   658.1511 GUPM 057234 02/17/2021 02/17/2021 Book
          St Aloysius Library St Aloysius Library   02/17/2021 School Book Company, Mangalore. 200.00   658.1511 GUPM 058419 02/17/2021 02/17/2021 Book